000 00693nas a2200229 4500
001 BR7905231
003 BR-BrBNA
005 20231205083913.0
007 ta
008 230509b bl.|||p| |||| 00| 00por d
040 _aBR-BrBNA
_bpor
_cBiblioteca Nacional de Agricultura
041 _a(Pt)
072 _aK50
100 1 _aTeisano, T.
245 1 _aUtilizacao de sobras e aparas de madeira macica [Industria florestal]
650 _aIndustria florestal
650 _aMadeira
650 _aEquipamento florestal
773 0 _tRevista da Madeira (Brazil)
_xISSN 0034-7582
_g(Feb 1979), v. 28(326) p. 24-25
_wBR7905231
909 _a202311
_bLúcia
_c55
_dLúcia Elande
942 _2AGRIS
_n0
_cANA
999 _c101932
_d101932